Score 0/16 Timer 05:00
0 Plays Today
Line Dr. Seuss Book % Correct
Every Who down in Who-ville liked Christmas a lot...But the [_] who lived just north of Who-ville did NOT!How the Grinch Stole Christmas!
96.6%
That Sam-I-am! That Sam-I-am! I do not like that Sam-I-am!Green Eggs and Ham
89.1%
The sun did not shine. It was too wet to play. So we sat in the house all that cold, cold, wet day.The Cat in the Hat
87.1%
Congratulations! Today is your day. You're off to Great Places! You're off and away!Oh, the Places You'll Go!
66.7%
On the fifteenth of May, in the Jungle of Nool, in the heat of the day, in the cool of the pool, he was splashing...enjoying the jungle's great joys...When [_] heard a small noise.Horton Hears a Who!
66.1%
UP PUP
Pup is up.
Hop on Pop
56.7%
At the far end of town where the Grickle-grass grows and the wind smells slow-and-sour when it blows and no birds ever sings excepting old crows...is the Street of the Lifted [_].The Lorax
45.7%
On the far-away Island of Sala-ma-Sond, [_] was king of the pond.Yertle the Turtle
41.8%
Line Dr. Seuss Book % Correct
BIG A
little a
What begins with A?
Dr. Seuss's ABC: An Amazing Alphabet Book
39.1%
'It's a pretty good zoo,' said young Gerald McGrew, 'And the fellow who runs it seems proud of it, too.'If I Ran the Zoo
34.8%
Now, the Star-Belly [_] had bellies with stars. The Plain-Belly [_] had none upon thars.The Sneetches
33.3%
Sighed Mayzie, a lazy bird hatching an egg: 'I'm tired and I'm bored and I've kinks in my leg from sitting, just sitting here day after day.'Horton Hatches the Egg
28.5%
When I leave home to walk to school, Dad always says to me, 'Marco, keep your eyelids up and see what you can see.'And to Think That I Saw It on Mulberry Street
27.2%
In the beginning, [_] didn't have five hundred hats. He had only one hat.The 500 Hats of Bartholomew Cubbins
22.5%
'Young man,' laughed the farmer, 'You're sort of a fool! You'll never catch fish in [_]!'McElligot's Pool
10.5%
I wish we could do what they do in Katroo. They sure know how to say, [_]!Happy Birthday to You!
6.9%
Remove Ads.
Support Sporcle.
Get the best of Sporcle when you Go Orange. This ad-free experience offers more features, more stats, and more fun while also helping to support Sporcle. Thank you for becoming a member.

You're not logged in!

Compare scores with friends on all Sporcle quizzes.
OR
Log In

Show Comments

Extras

Top Quizzes Today


Score Distribution

Your Account Isn't Verified!

In order to create a playlist on Sporcle, you need to verify the email address you used during registration. Go to your Sporcle Settings to finish the process.

Report this User

Report this user for behavior that violates our Community Guidelines.

Details: